Remontées 3 Vallées - Statistiques

Statistiques générales
  • Ce quiz a été pris 8 fois
  • Le résultat moyen est 44 sur 119
Statistiques - réponses
Hint Réponse % Correct
Télécabine Caron
100%
Télésiège Cascade
100%
Télécabine Deux Lacs
100%
Télésiège Moutière
100%
Funitel Péclet
100%
Téléphérique | Télésiège Trois Vallées
100%
Télécabine Cairn
80%
Télécabine Moraine
80%
Télécabine Orelle
80%
Télésiège Plein Sud
80%
Télésiège | Téléski Altiport
60%
Télésiège Biollay
60%
Télésiège Boismint
60%
Télésiège Bouc Blanc
60%
Téléphérique Cime Caron
60%
Télésiège Dent de Burgin
60%
Télésiège Marmottes
60%
Téléski Masse
60%
Télésiège Mont de la Chambre
60%
Télécabine Mont Vallon
60%
Télécabine Pas du Lac
60%
Télésiège Pionniers
60%
Télésiège Portette
60%
Télésiège Rosael
60%
Téléphérique Saulire
60%
Téléski Stade
60%
Funitel Thorens
60%
Télésiège Adret
40%
Télésiège Aiguille du Fruit
40%
Télésiège Becca
40%
Télésiège Bouquetin
40%
Télécabine Bruyères
40%
Télésiège Chatelet
40%
Télésiège Cherferie
40%
Télésiège Combes
40%
Télécabine Cote Brune
40%
Télépulsé Croisette
40%
Télésiège Doron
40%
Télésiège Dou des Lanches
40%
Télésiège Forêt
40%
Télésiège Granges
40%
Télésiège Grangettes
40%
Télésiège Legends
40%
Télésiège | Téléski Loze
40%
Télésiège Morel
40%
Télécabine Olympe
40%
Télésiège Olympic
40%
Télésiège Plantrey
40%
Télécabine Plattières
40%
Télécabine Pointe de la Masse
40%
Télésiège Pralong
40%
Télésiège Reberty
40%
Télécabine Rhodos
40%
Télécabine Roc 1
40%
Télésiège Roc 2
40%
Télésiège Roc de Tougne
40%
Télécabine Saint Martin 1
40%
Télésiège Saint Martin 2
40%
Télécabine Saulire Express
40%
Télésiège Suisses
40%
Télésiège Sunny Express
40%
Télécabine Tania
40%
Téléski Teppes
40%
Télécabine Tougnete 1
40%
Télésiège Tougnete 2
40%
Télésiège Tovets
40%
Télécabine Verdons
40%
Télécabine Vizelle
40%
Télécabine Ariondaz
20%
Téléski Bellecote
20%
Télésiège Bouchet
20%
Télépulsé Chalets
20%
Télésiège Chanrossa
20%
Télésiège Chapelets
20%
Télécabine Chenus
20%
Télécabine Face Nord
20%
Télésiège Golf
20%
Télésiège Grandes Combes
20%
Funitel Grand Fond
20%
Téléski Inuits
20%
Télécabine Jardin Alpin
20%
Télésiège Lac Blanc
20%
Télésiège Ménuires
20%
Télésiège Mures Rouges
20%
Télécabine Orelle - Caron
20%
Télésiège Peyron
20%
Télésiège Plan de l'Eau
20%
Télésiège Plan des Mains
20%
Téléski Plateau
20%
Télécabine Praz
20%
Téléski Pyramides
20%
Télésiège Roc Merlet
20%
Télésiège Roc Mugnier
20%
Télésiège Signal
20%
Télésiège Tortollet
20%
Téléski Aigle
0%
Téléski Arolles
0%
Téléski Arpasson
0%
Téléski Belvédère
0%
Télésiège Bettex
0%
Téléski Caves
0%
Téléski Cospillot
0%
Téléski Cotes
0%
Téléski Epicéa
0%
Téléski Etoiles
0%
Téléski Ferme
0%
Téléski Gros Murger
0%
Téléski Jardin Enfants
0%
Téléski Mickey
0%
Téléski Petite Bosse
0%
Télécabine Petit Moriond
0%
Téléski Roys
0%
Téléski Sources
0%
Téléski Stade Tania
0%
Téléski Village
0%
Aucun quiz correspondant
Distribution des résultats
% des personnes avec chaque résultat
Percentile par nombre de réponses
Votre historique - résultats
Vous n’avez pas pris ce quiz